000 01800nam a2200529 i 4500
001 55958
003 KOSZ 005
005 20220406160307.0
008 090421s2008 pl a |001 0 pol
015 _aUWD 2009/10212
020 _a9788324613755
035 _a991048947289705066
035 _a(PL-WaBN)b23626203-48omnis_nlop
035 _ab23626203
035 _a(OCoLC)297697557
035 _axx001213721
035 _a(PL)b0000002362620
035 _a(EXLNZ-48OMNIS_NETWORK)9910321830705606
040 _aWA N
_cWA N
_dKOSZ 005/HR
041 1 _apol
_heng
046 _k2008
080 _a004.439
080 _a004.55
080 _a(07)
100 1 _aNiederst Robbins, Jennifer
_eAutor
245 1 0 _aProjektowanie stron internetowych :
_bprzewodnik dla początkujących webmasterów po (X)HTML, CSS i grafice /
_cJennifer Niederst Robbins ; [tł. Anna Trojan].
246 1 _iTyt. oryg.:
_aLearning web design :
_ba beginner,
_f2007
260 _aGliwice :
_bWydawnictwo Helion,
_ccop. 2008.
300 _a487 s. :
_bil. kolor. ;
_c24 cm.
336 _aTekst
_btxt
_2rdacontent
337 _aBez urządzenia pośredniczącego
_bn
_2rdamedia
338 _aWolumin
_bnc
_2rdacarrier
380 _aKsiążki
380 _aPublikacje fachowe
388 _a2001-
504 _aIndeks.
650 7 _aHTML
_2DBN
650 7 _aKaskadowe arkusze stylów
_2DBN
650 7 _aXHTML (język programowania)
_2DBN
655 7 _aPodręcznik
_2DBN
658 _aInformatyka i technologie informacyjne
710 2 _aHelion
_4pbl
700 1 _aTrojan, Anna
_eTłumaczenie
856 _uhttp://koha.tu.koszalin.pl/cgi-bin/koha/opac-detail.pl?biblionumber=55958
_yKatalog online BPK
942 _2UKD
_cKS
999 _c55958
_d55958